<?xml version="1.0" encoding="UTF-8"?>
<record
    xmlns:xsi="http://www.w3.org/2001/XMLSchema-instance"
    xsi:schemaLocation="http://www.loc.gov/MARC21/slim http://www.loc.gov/standards/marcxml/schema/MARC21slim.xsd"
    xmlns="http://www.loc.gov/MARC21/slim">

  <leader>00573nam a22001937a 4500</leader>
  <controlfield tag="003">OSt</controlfield>
  <controlfield tag="008">231009b        |||||||| |||| 00| 0 eng d</controlfield>
  <datafield tag="020" ind1=" " ind2=" ">
    <subfield code="a">9789387034471</subfield>
  </datafield>
  <datafield tag="082" ind1=" " ind2=" ">
    <subfield code="a">170 GAF</subfield>
  </datafield>
  <datafield tag="100" ind1=" " ind2=" ">
    <subfield code="a">GAUR, R.R.</subfield>
  </datafield>
  <datafield tag="245" ind1=" " ind2=" ">
    <subfield code="a">Foundation Course in Human Values and Professional Ethics: Presenting a Universal Approach to Value Education-through Self-exploration</subfield>
  </datafield>
  <datafield tag="250" ind1=" " ind2=" ">
    <subfield code="a">2nd Revised ed.</subfield>
  </datafield>
  <datafield tag="260" ind1=" " ind2=" ">
    <subfield code="a">New Delhi</subfield>
    <subfield code="b">Excel Books</subfield>
    <subfield code="c">2019</subfield>
  </datafield>
  <datafield tag="300" ind1=" " ind2=" ">
    <subfield code="a">348 p.</subfield>
  </datafield>
  <datafield tag="650" ind1=" " ind2=" ">
    <subfield code="a">Political Science</subfield>
  </datafield>
  <datafield tag="700" ind1=" " ind2=" ">
    <subfield code="a">ASTHANA, R. </subfield>
  </datafield>
  <datafield tag="700" ind1=" " ind2=" ">
    <subfield code="a">BAGARIA, G.P.</subfield>
  </datafield>
  <datafield tag="942" ind1=" " ind2=" ">
    <subfield code="2">ddc</subfield>
    <subfield code="c">BK</subfield>
  </datafield>
  <datafield tag="999" ind1=" " ind2=" ">
    <subfield code="c">12083</subfield>
    <subfield code="d">12083</subfield>
  </datafield>
  <datafield tag="952" ind1=" " ind2=" ">
    <subfield code="0">0</subfield>
    <subfield code="1">0</subfield>
    <subfield code="2">ddc</subfield>
    <subfield code="4">0</subfield>
    <subfield code="7">0</subfield>
    <subfield code="8">BA(GEN)</subfield>
    <subfield code="a">PIETNCR</subfield>
    <subfield code="b">PIETNCR</subfield>
    <subfield code="d">2023-09-30</subfield>
    <subfield code="e">Kirti Prakashan</subfield>
    <subfield code="f">In Rupees</subfield>
    <subfield code="g">395.00</subfield>
    <subfield code="k">IN1021</subfield>
    <subfield code="l">0</subfield>
    <subfield code="o">170 GAF</subfield>
    <subfield code="p">N3419</subfield>
    <subfield code="r">2023-10-09 00:00:00</subfield>
    <subfield code="v">264.65</subfield>
    <subfield code="w">2023-09-30</subfield>
    <subfield code="y">REF</subfield>
  </datafield>
  <datafield tag="952" ind1=" " ind2=" ">
    <subfield code="0">0</subfield>
    <subfield code="1">0</subfield>
    <subfield code="2">ddc</subfield>
    <subfield code="4">0</subfield>
    <subfield code="7">0</subfield>
    <subfield code="8">BA(GEN)</subfield>
    <subfield code="a">PIETNCR</subfield>
    <subfield code="b">PIETNCR</subfield>
    <subfield code="d">2023-09-30</subfield>
    <subfield code="e">Kirti Prakashan</subfield>
    <subfield code="f">In Rupees</subfield>
    <subfield code="g">395.00</subfield>
    <subfield code="k">IN1021</subfield>
    <subfield code="l">6</subfield>
    <subfield code="o">170 GAF</subfield>
    <subfield code="p">N3420</subfield>
    <subfield code="r">2025-10-03 00:00:00</subfield>
    <subfield code="s">2025-09-15</subfield>
    <subfield code="v">264.65</subfield>
    <subfield code="w">2023-09-30</subfield>
    <subfield code="y">BK</subfield>
  </datafield>
  <datafield tag="952" ind1=" " ind2=" ">
    <subfield code="0">0</subfield>
    <subfield code="1">0</subfield>
    <subfield code="2">ddc</subfield>
    <subfield code="4">0</subfield>
    <subfield code="7">0</subfield>
    <subfield code="8">BA(GEN)</subfield>
    <subfield code="a">PIETNCR</subfield>
    <subfield code="b">PIETNCR</subfield>
    <subfield code="d">2023-09-30</subfield>
    <subfield code="e">Kirti Prakashan</subfield>
    <subfield code="f">In Rupees</subfield>
    <subfield code="g">395.00</subfield>
    <subfield code="k">IN1021</subfield>
    <subfield code="l">1</subfield>
    <subfield code="o">170 GAF</subfield>
    <subfield code="p">N3421</subfield>
    <subfield code="r">2023-11-23 00:00:00</subfield>
    <subfield code="s">2023-11-07</subfield>
    <subfield code="v">264.65</subfield>
    <subfield code="w">2023-09-30</subfield>
    <subfield code="y">BK</subfield>
  </datafield>
  <datafield tag="952" ind1=" " ind2=" ">
    <subfield code="0">0</subfield>
    <subfield code="1">0</subfield>
    <subfield code="2">ddc</subfield>
    <subfield code="4">0</subfield>
    <subfield code="7">0</subfield>
    <subfield code="8">BA(GEN)</subfield>
    <subfield code="a">PIETNCR</subfield>
    <subfield code="b">PIETNCR</subfield>
    <subfield code="d">2023-09-30</subfield>
    <subfield code="e">Kirti Prakashan</subfield>
    <subfield code="f">In Rupees</subfield>
    <subfield code="g">395.00</subfield>
    <subfield code="k">IN1021</subfield>
    <subfield code="l">5</subfield>
    <subfield code="o">170 GAF</subfield>
    <subfield code="p">N3422</subfield>
    <subfield code="r">2025-11-28 00:00:00</subfield>
    <subfield code="s">2025-11-25</subfield>
    <subfield code="v">264.65</subfield>
    <subfield code="w">2023-09-30</subfield>
    <subfield code="y">BK</subfield>
  </datafield>
  <datafield tag="952" ind1=" " ind2=" ">
    <subfield code="0">0</subfield>
    <subfield code="1">0</subfield>
    <subfield code="2">ddc</subfield>
    <subfield code="4">0</subfield>
    <subfield code="7">0</subfield>
    <subfield code="8">BA(GEN)</subfield>
    <subfield code="a">PIETNCR</subfield>
    <subfield code="b">PIETNCR</subfield>
    <subfield code="d">2023-09-30</subfield>
    <subfield code="e">Kirti Prakashan</subfield>
    <subfield code="f">In Rupees</subfield>
    <subfield code="g">395.00</subfield>
    <subfield code="k">IN1021</subfield>
    <subfield code="l">2</subfield>
    <subfield code="o">170 GAF</subfield>
    <subfield code="p">N3423</subfield>
    <subfield code="r">2025-10-03 00:00:00</subfield>
    <subfield code="s">2025-09-19</subfield>
    <subfield code="v">264.65</subfield>
    <subfield code="w">2023-09-30</subfield>
    <subfield code="y">BK</subfield>
  </datafield>
  <datafield tag="952" ind1=" " ind2=" ">
    <subfield code="0">0</subfield>
    <subfield code="1">0</subfield>
    <subfield code="2">ddc</subfield>
    <subfield code="4">0</subfield>
    <subfield code="7">0</subfield>
    <subfield code="8">BA(GEN)</subfield>
    <subfield code="a">PIETNCR</subfield>
    <subfield code="b">PIETNCR</subfield>
    <subfield code="d">2023-09-30</subfield>
    <subfield code="e">Kirti Prakashan</subfield>
    <subfield code="f">In Rupees</subfield>
    <subfield code="g">395.00</subfield>
    <subfield code="k">IN1021</subfield>
    <subfield code="l">4</subfield>
    <subfield code="o">170 GAF</subfield>
    <subfield code="p">N3424</subfield>
    <subfield code="r">2025-11-27 00:00:00</subfield>
    <subfield code="s">2025-11-18</subfield>
    <subfield code="v">264.65</subfield>
    <subfield code="w">2023-09-30</subfield>
    <subfield code="y">BK</subfield>
  </datafield>
  <datafield tag="952" ind1=" " ind2=" ">
    <subfield code="0">0</subfield>
    <subfield code="1">0</subfield>
    <subfield code="2">ddc</subfield>
    <subfield code="4">0</subfield>
    <subfield code="7">0</subfield>
    <subfield code="8">BA(GEN)</subfield>
    <subfield code="a">PIETNCR</subfield>
    <subfield code="b">PIETNCR</subfield>
    <subfield code="d">2023-09-30</subfield>
    <subfield code="e">Kirti Prakashan</subfield>
    <subfield code="f">In Rupees</subfield>
    <subfield code="g">395.00</subfield>
    <subfield code="k">IN1021</subfield>
    <subfield code="l">4</subfield>
    <subfield code="o">170 GAF</subfield>
    <subfield code="p">N3425</subfield>
    <subfield code="r">2025-10-15 00:00:00</subfield>
    <subfield code="s">2025-09-24</subfield>
    <subfield code="v">264.65</subfield>
    <subfield code="w">2023-09-30</subfield>
    <subfield code="y">BK</subfield>
  </datafield>
  <datafield tag="952" ind1=" " ind2=" ">
    <subfield code="0">0</subfield>
    <subfield code="1">0</subfield>
    <subfield code="2">ddc</subfield>
    <subfield code="4">0</subfield>
    <subfield code="7">0</subfield>
    <subfield code="8">BA(GEN)</subfield>
    <subfield code="a">PIETNCR</subfield>
    <subfield code="b">PIETNCR</subfield>
    <subfield code="d">2023-09-30</subfield>
    <subfield code="e">Kirti Prakashan</subfield>
    <subfield code="f">In Rupees</subfield>
    <subfield code="g">395.00</subfield>
    <subfield code="k">IN1021</subfield>
    <subfield code="l">1</subfield>
    <subfield code="o">170 GAF</subfield>
    <subfield code="p">N3426</subfield>
    <subfield code="r">2023-11-24 00:00:00</subfield>
    <subfield code="s">2023-11-21</subfield>
    <subfield code="v">264.65</subfield>
    <subfield code="w">2023-09-30</subfield>
    <subfield code="y">BK</subfield>
  </datafield>
  <datafield tag="952" ind1=" " ind2=" ">
    <subfield code="0">0</subfield>
    <subfield code="1">0</subfield>
    <subfield code="2">ddc</subfield>
    <subfield code="4">0</subfield>
    <subfield code="7">0</subfield>
    <subfield code="8">BA(GEN)</subfield>
    <subfield code="a">PIETNCR</subfield>
    <subfield code="b">PIETNCR</subfield>
    <subfield code="d">2023-09-30</subfield>
    <subfield code="e">Kirti Prakashan</subfield>
    <subfield code="f">In Rupees</subfield>
    <subfield code="g">395.00</subfield>
    <subfield code="k">IN1021</subfield>
    <subfield code="l">0</subfield>
    <subfield code="o">170 GAF</subfield>
    <subfield code="p">N3427</subfield>
    <subfield code="r">2023-10-09 00:00:00</subfield>
    <subfield code="v">264.65</subfield>
    <subfield code="w">2023-09-30</subfield>
    <subfield code="y">BK</subfield>
  </datafield>
  <datafield tag="952" ind1=" " ind2=" ">
    <subfield code="0">0</subfield>
    <subfield code="1">0</subfield>
    <subfield code="2">ddc</subfield>
    <subfield code="4">0</subfield>
    <subfield code="7">0</subfield>
    <subfield code="8">BA(GEN)</subfield>
    <subfield code="a">PIETNCR</subfield>
    <subfield code="b">PIETNCR</subfield>
    <subfield code="d">2023-09-30</subfield>
    <subfield code="e">Kirti Prakashan</subfield>
    <subfield code="f">In Rupees</subfield>
    <subfield code="g">395.00</subfield>
    <subfield code="k">IN1021</subfield>
    <subfield code="l">0</subfield>
    <subfield code="o">170 GAF</subfield>
    <subfield code="p">N3428</subfield>
    <subfield code="r">2023-10-09 00:00:00</subfield>
    <subfield code="v">264.65</subfield>
    <subfield code="w">2023-09-30</subfield>
    <subfield code="y">BK</subfield>
  </datafield>
</record>
